000 00307nam a2200121Ia 4500
005 20251222154405.0
008 251222s9999||||xx |||||||||||||| ||spa||
020 _a84-345-8075-6
082 _a868.9/A75/1983
100 _a"Arniches, Carlos"
245 0 _aLa seƱorita de trevelez es mi hombre
942 _cLIB
999 _c35425
_d35425